Movies Quiz

Random Movies or Actor Quiz

The Magnificent Seven Quiz Stats

 Plays Quiz not verified by Sporcle

Challenge
Share
Tweet
Score 0/7 Timer 03:00
0 Plays Today
Character % Correct
Vin TannerSteve McQueen (1930–1980)
98.7%
Bernardo O'ReillyCharles Bronson (1921–2003)
97.6%
Chris Larabee AdamsYul Brynner (1920–1985)
97%
BrittJames Coburn (1928–2002)
92%
LeeRobert Vaughn (1932)
91.8%
Harry LuckBrad Dexter (1917–2002)
82.8%
ChicoHorst Buchholz (1933–2003)
80.6%

You're not logged in!

Compare scores with friends on all Sporcle quizzes.
Join for Free
OR
Log In

You Might Also Like...

Show Comments

Extras

Top Quizzes Today


Score Distribution

Your Account Isn't Verified!

In order to create a playlist on Sporcle, you need to verify the email address you used during registration. Go to your Sporcle Settings to finish the process.

Report this User

Report this user for behavior that violates our Community Guidelines.

Details: